000 00935nam a2200337Ia 4500
003 OSt
005 20220912144701.0
006 a|||||r|||| 00| 0
007 ta
008 220909b |||||||| |||| 00| 0 eng d
020 _a9781611972207 (pbk)
020 _aSL01560812
024 _a190093
037 _b288, 03/03/2014, Vardhman Books
037 _cTextual
040 _aCSL
_beng
_cCSL
041 _aeng
082 _aB245, Q2
100 _aLaub Alan J
245 0 _aComputational matrix analysis
260 _aPhiladelphia
_bSIAM
_c2012
300 _axiii,154p.
500 _aBibliography 147-150p.; Index151-154p.
650 _a Finite arithmetic
650 _a Matrix analysis methods
650 _a Numerical matrix algebra
650 _aMathematics
700 _aLaub Alan J
942 _hB245, Q2
_cTEXL
_2CC
999 _c15692
_d15692